000 02450nam0a2200385 4500
001 RU\NLR\BIBL_A\022673888
005 20260209154518.0
010 _a978-5-238-04093-6
_91000
021 _aRU
_bКН-П-25-059895
_9КН-П-25-5767
035 _a(NLR Aleph) 022673888
090 _a13547464
_c13547464
100 _a20251127d2025 u y0rusy50 ca
101 0 _arus
102 _aRU
105 _aac z 010yy
181 0 _ai3
_baxxe
182 0 _an
200 1 _aИстория экономических учений
_eучебник для студентов высших учебных заведений, обучающихся по направлению подготовки "Экономика"
_f[Д. Н. Ефремов, В. А. Кайтмазов, доктор экономических наук, профессор А. В. Минаков и др.]
_gпод научной редакцией доктора экономических наук, профессора А. В. Минакова, доктора экономических наук, профессора В. С. Осипова
_gпод общей кандидата юридических наук, доктора экономических наук, профессора Н. Д. Эриашвили
203 _aТекст
_bвизуальный
_cнепосредственный
210 _aМосква
_cЮНИТИ
_d2025
215 _a359 с.
_cил., портр., табл.
_d22
225 1 _aScientiarum Oeconomicarum
300 _aАвт. указаны на 7-й с.
300 _aНа тит. с.: К 80-летию Победы в Великой Отечественной войне
320 _aБиблиогр. в конце гл. и в подстроч. примеч.
606 1 _aЭкономические учения
_xИстория
_jУчебники для высших учебных заведений
_2nlr_sh1
_2nlr_sh2
_3RU\NLR\AUTH\66251774
686 1 _aУ02(0)я73
702 1 _aМинаков
_bА. В.
_gАндрей Владимирович
_4340
702 1 _aОсипов
_bВ. С.
_cд-р экон. наук, менеджмент
_gВладимир Сергеевич
_3RU\NLR\AUTH\770137768
_4340
702 1 _aЭриашвили
_bН. Д.
_f1960-
_gНодари Дарчоевич
_3RU\NLR\AUTH\7728378
_4340
942 _cBOOK
980 _aNB